[Event "Kuala Lumpur op 2nd"]
[Site "Kuala Lumpur"]
[Date "2005.08.25"]
[Round "10"]
[White "Son, Asya"]
[Black "Sriram, Jha"]
[Result "1/2-1/2"]
[WhiteElo "2105"]
[BlackElo "2437"]
[PlyCount "72"]
[EventDate "2005.08.20"]
[EventType "swiss"]
[EventRounds "11"]
[EventCountry "MAS"]
[SourceTitle "CBM 108 Extra"]
[Source "ChessBase"]
[SourceDate "2005.11.04"]
[SourceVersion "1"]
[SourceVersionDate "2005.11.04"]
[SourceQuality "1"]

1. e4 e5 2. Nf3 Nc6 3. Nc3 Nf6 4. d4 Bb4 5. d5 Ne7 6. Nxe5 d6 7. Bb5+ c6 8. dxc6 0-0 9. Nd7 Bxd7 10. cxd7 Nxe4 11. Qd3 Nxc3 12. bxc3 Bc5 13. 0-0 a6 14. Ba4 b5 15. Bb3 Qxd7 16. Be3 Qc7 17. Bd4 Ng6 18. Bd5 Rac8 19. Be4 Ba3 20. Rab1 Rfe8 21. Rfe1 Bc5 22. h4 Bxd4 23. cxd4 Qc4 24. Bb7 Rxe1+ 25. Rxe1 Qxc2 26. Qxc2 Rxc2 27. Bxa6 b4 28. h5 Nf8 29. Re7 h6 30. Rb7 Rxa2 31. Bc4 Ra1+ 32. Kh2 Ne6 33. Rb8+ Nf8 34. Rb7 Ne6 35. Rb8+ Nf8 36. Rb7 Ne6 1/2-1/2

[Event "Kuala Lumpur op 2nd"]
[Site "Kuala Lumpur"]
[Date "2005.08.24"]
[Round "9"]
[White "Sales, Jesse Noel"]
[Black "Son, Asya"]
[Result "0-1"]
[WhiteElo "2340"]
[BlackElo "2105"]
[PlyCount "64"]
[EventDate "2005.08.20"]
[EventType "swiss"]
[EventRounds "11"]
[EventCountry "MAS"]
[SourceTitle "CBM 108 Extra"]
[Source "ChessBase"]
[SourceDate "2005.11.04"]
[SourceVersion "1"]
[SourceVersionDate "2005.11.04"]
[SourceQuality "1"]

1. Nf3 Nf6 2. c4 g6 3. Nc3 Bg7 4. e4 d6 5. d4 0-0 6. Be2 e5 7. 0-0 exd4 8. Nxd4 Re8 9. f3 Nc6 10. Be3 Nh5 11. Nxc6 bxc6 12. Qd2 f5 13. Rad1 Qe7 14. Rfe1 f4 15. Bf2 Qg5 16. g4 Re5 17. Kh1 Nf6 18. Rg1 Qh6 19. c5 Ne8 20. Bd4 Re7 21. Nd5 cxd5 22. g5 Qh3 23. Bf6 Nxf6 24. gxf6 Bxf6 25. Qxd5+ Kg7 26. Qxa8 Ba6 27. Bf1 Qxf3+ 28. Bg2 Qf2 29. cxd6 cxd6 30. e5 Bxe5 31. Qf3 Qxb2 32. Rb1 Qxa2 0-1

[Event "Kuala Lumpur op 2nd"]
[Site "Kuala Lumpur"]
[Date "2005.08.24"]
[Round "8"]
[White "Son, Asya"]
[Black "Lim, Kian Hwa"]
[Result "1-0"]
[WhiteElo "2105"]
[BlackElo "2106"]
[PlyCount "112"]
[EventDate "2005.08.20"]
[EventType "swiss"]
[EventRounds "11"]
[EventCountry "MAS"]
[SourceTitle "CBM 108 Extra"]
[Source "ChessBase"]
[SourceDate "2005.11.04"]
[SourceVersion "1"]
[SourceVersionDate "2005.11.04"]
[SourceQuality "1"]

1. e4 e5 2. Nf3 Nc6 3. Bc4 Be7 4. d4 exd4 5. c3 Nf6 6. e5 Ne4 7. Bd5 Ng5 8. Nxg5 Bxg5 9. Qh5 Qe7 10. Qxg5 f6 11. Qh5+ g6 12. Qe2 Nxe5 13. 0-0 d3 14. Qe3 c6 15. f4 Ng4 16. Qxe7+ Kxe7 17. Be4 f5 18. Bxd3 d5 19. h3 Nf6 20. Be3 Ne4 21. Bxe4 fxe4 22. Nd2 h5 23. Rac1 b6 24. b4 Ba6 25. Rf2 Bd3 26. c4 Rac8 27. f5 gxf5 28. Rxf5 Ke6 29. Rf2 Ke5 30. cxd5 cxd5 31. Rxc8 Rxc8 32. Nb3 Rc4 33. a3 h4 34. Rb2 Bc2 35. Nd4 Ba4 36. Rd2 Rc3 37. Nf3+ Kd6 38. Nxh4 Rxa3 39. Nf5+ Ke5 40. g4 Bd7 41. Bd4+ Ke6 42. Ne3 Bc6 43. g5 Be8 44. Rf2 Rd3 45. Rf6+ Kd7 46. Nf5 Rxh3 47. Rd6+ Kc7 48. Rxd5 Bc6 49. Re5 Rb3 50. g6 Rxb4 51. g7 e3 52. Nxe3 Rxd4 53. g8Q a5 54. Re7+ Bd7 55. Nd5+ Kc6 56. Qg6+ Kxd5 1-0

[Event "Kuala Lumpur op 2nd"]
[Site "Kuala Lumpur"]
[Date "2005.08.23"]
[Round "6"]
[White "Son, Asya"]
[Black "Aw, Wai Onn"]
[Result "1-0"]
[WhiteElo "2105"]
[BlackElo "1920"]
[PlyCount "69"]
[EventDate "2005.08.20"]
[EventType "swiss"]
[EventRounds "11"]
[EventCountry "MAS"]
[SourceTitle "CBM 108 Extra"]
[Source "ChessBase"]
[SourceDate "2005.11.04"]
[SourceVersion "1"]
[SourceVersionDate "2005.11.04"]
[SourceQuality "1"]

1. e4 e6 2. d4 d5 3. Nc3 Bb4 4. a3 Bxc3+ 5. bxc3 dxe4 6. Qg4 Nf6 7. Qxg7 Rg8 8. Qh6 Rg6 9. Qd2 c5 10. Bb2 Qc7 11. Ne2 Bd7 12. c4 cxd4 13. Nxd4 e5 14. Nb5 Bxb5 15. cxb5 Nbd7 16. 0-0-0 0-0-0 17. g3 Rgg8 18. Bh3 Kb8 19. Qd6 Ng4 20. Bxg4 Qxd6 21. Rxd6 Rxg4 22. Bxe5 Kc8 23. Rhd1 Rg6 24. Bc3 Kc7 25. Bb4 Rxd6 26. Bxd6+ Kc8 27. Rd4 Nf6 28. Rc4+ Kd7 29. Be5 Ng4 30. Rxe4 Nxh2 31. Ra4 Nf3 32. Bf4 Ra8 33. Kd1 Re8 34. Be3 Kc7 35. Rxa7 1-0

[Event "Olympiad Women-33"]
[Site "Elista"]
[Date "1998.10.01"]
[Round "3"]
[White "Son, Asya"]
[Black "Ungure, Liga"]
[Result "1/2-1/2"]
[WhiteElo "2115"]
[BlackElo "2110"]
[PlyCount "84"]
[EventDate "1998.09.29"]
[EventType "team-swiss"]
[EventRounds "13"]
[EventCountry "RUS"]
[SourceTitle "CBM 066 Extra"]
[Source "ChessBase"]
[SourceDate "1998.11.06"]
[SourceVersion "1"]
[SourceVersionDate "1998.11.06"]
[SourceQuality "1"]

1. e4 c5 2. Nf3 d6 3. d4 cxd4 4. Nxd4 Nf6 5. Nc3 Nc6 6. Bg5 e6 7. Qd2 Be7 8. 0-0-0 0-0 9. f3 Nxd4 10. Qxd4 Qa5 11. Bd2 Qc5 12. Qxc5 dxc5 13. Bf4 Rd8 14. Bc4 Bd7 15. e5 Ne8 16. Bb5 Bxb5 17. Nxb5 a6 18. Nc3 Nc7 19. Ne4 Nd5 20. Bd2 c4 21. Rhe1 h6 22. Nc3 Rd7 23. Nxd5 Rxd5 24. Bf4 Rad8 25. Rxd5 Rxd5 26. Rd1 Kf8 27. Rxd5 exd5 28. Be3 h5 29. Kd2 Bb4+ 30. Ke2 Ke7 31. Bd4 Ke6 32. h3 h4 33. b3 b5 34. bxc4 bxc4 35. f4 Kf5 36. Kf3 Bd2 37. Be3 Bc3 38. Bf2 g5 39. fxg5 Kxg5 40. Be3+ Kf5 41. Bf2 Kg5 42. Be3+ Kf5 1/2-1/2